000 00912nam a2200301Ia 4500
001 9645
003 IT-RoPAU
008 130308s9999 xx 000 0 und d
040 _aIT-RoPAU
040 _cIT-RoPAU
041 _aITALIANO
100 _aAA.VV.
100 _gCodice Aut. SPICS: 12000
245 _aMaterialità del testo (La)-Ricerca interdisciplinare sulle pratiche significanti
245 _bMaterialita' del testo (La)-Ricerca interdisciplinare Sulle Pratiche Significanti
250 _a1a ed.
260 _aVERONA
260 _bBertani
260 _c1977 [1° Ed.:1977 - Ed.Ling.Originale:1977]
300 _a"268 p. (prefazione: no ; testo: 268)"
500 _aContributi di un Seminario Tenuto a Siena nell'Anno Accademico 1974 1975
650 _aSAGGI DI SEMIOLOGIA
650 _eCodice materia Spics: 3257
942 _cBK
957 _71
999 _c66241
_d66241
999 _bSI
999 _g1